000 00516nam a2200121 a 4500
008 120416s1970 ||||||||||||||||| || u
050 _aTP 159.C3 Cat
245 0 0 _aCatalyst handbook with special reference to unit processes in ammonia and hydrogen manufacture
260 _aLondon
_bWolfe Scientific Books
_c1970
300 _aix, 231p. : ill.
350 _a0.00
995 _D0.00
_FCBU-MAIN LIBRARY (Kitwe)
_H1
_I6.30
_UAVAILABLE
_ZAnnex Low-Usage Collection
999 _c36845
_d36845